000 00776cam a2200241 a 4500
001 000006322
005 20200929153921.0
008 940802s1993 ck 001 0 spa
020 _a958612147X
040 _aDO-SdBNP
_cDLC
082 _aC861.44
_bB982t
100 1 _aBustos Aguirre, Rómulo
_d1954-
_917633
245 1 0 _aEn el traspatio del cielo /
_cRómulo Bustos Aguirre.
260 _aSantafé, Bogotá :
_bColcultura,
_c1993.
300 _a52 p. ;
_c21 cm.
490 1 _aPremios nacionales '93
490 1 _aPoesía Tri-Aequo
586 _aPremio nacional de poesía, 1993.
650 4 _aPoesìa colombiana
_93742
650 4 _aLiteratura colombiana
_91244
830 0 _aPremios nacionales '93.
_pPoesía Tri-Aequo.
_917634
910 _aCatalogación por copia / LC
999 _c6117
_d6117